| 000 | 00740nam a2200253 a 4500 | ||
|---|---|---|---|
| 001 | BRCA_5540 | ||
| 005 | 20190320205125.0 | ||
| 008 | 280311s1897----enka######---#000-0#eng-# | ||
| 041 | _aeng | ||
| 044 | _aenk | ||
| 050 | 4 |
_aN5208.5 _b.R63 1897 |
|
| 100 | 1 |
_aRoberts, W. _914135 |
|
| 245 | 1 | 0 |
_aMemorials of Cristie´s _ba record of art sales from 1766 to 1896 _cby W. Roberts. |
| 260 |
_aLondres _bG. Bell _c1897 |
||
| 300 |
_av.1 _bil. 21. _c26 cm. |
||
| 500 | _aEstado físico: tapas deterioradas | ||
| 500 | _aF16 | ||
| 650 | 1 | 4 |
_aArte _xColeccionistas y colecciones _97445 |
| 650 | 1 | 4 |
_aArte _vCatálogos _xPrecios _912934 |
| 650 | 1 | 4 |
_aSubastas _97837 |
| 651 | 4 |
_aLondres _vCatálogos _xArte _914136 |
|
| 902 | _aGFM | ||
| 942 |
_2lcc _cB |
||
| 999 |
_c5234 _d5234 |
||